00825nam a2200229 a 450000100100000000500170001000800410002702000150006804000250008308200200010810000350012824500450016326000320020830000200024050000760026059000260033665000280036265000310039091000390042195201180046099900170057800001097420240412074222.0091013s1996 dr 001 p spa d a1887691030 aDO-SdBNPbspacBNPHU aRD861.44bV468c1 aVentura, Miriam,d1957-92639110aClaves para fantasmas /cMiriam Ventura. aNew York :bAlcance,c1996. a90 p. ;c22 cm. aIncluye datos biográficos del autor en la solapa de la contracubierta aInventariado, 2019/LP 0aPoesía dominicana966 0aLiteratura dominicana.967 aValidado. Control de calidad BNPHU 0010718PDaPDbPDcHDd2009-10-13iLF1l0oRD861.44 V468cp10974-10r2020-06-25w2020-06-25yLFPDZNo se presta c10712d10712